Normal view
MARC view
- Heywood, Ian
Entry Personal Name
001 - CONTROL NUMBER
- control field: 69637
003 - CONTROL NUMBER IDENTIFIER
- control field: NUST
005 - DATE AND TIME OF LATEST TRANSACTION
- control field: 20210628204253.0
008 - FIXED-LENGTH DATA ELEMENTS
- fixed length control field: 210628|| aca||aabn | a|a d
040 ## - CATALOGING SOURCE
- Original cataloging agency: NUST
- Transcribing agency: NUST
100 ## - HEADING--PERSONAL NAME
- Personal name: Heywood, Ian
670 ## - SOURCE DATA FOUND
- Source citation: Work cat.: (NUST): Heywood, Ian, An introduction to geographical information systems, 2017
